Transcending stereotypes : discovering Japanese culture and education /

Bibliographic Details
Corporate Author: International Center for the Study of Education Policy and Human Values (College Park, Md.)
Other Authors: Finkelstein, Barbara, 1937-, Imamura, Anne E., 1946-, Tobin, Joseph Jay
Format: Book
Language:English
Published: Yarmouth, Me. : Intercultural Press, [1991]
Subjects:

MARC

Tag First Indicator Second Indicator Subfields
LEADER 00000cam a2200000 a 4500
001 in00001403860
005 20151020053206.0
008 901109s1991 meu b 000 0 eng
010 |a  90024661  
020 |a 0933662939 
035 |a (OCoLC)22767585 
035 |9 AHM7338AM 
040 |a DLC  |c DLC  |d IOP  |d TXA  |d UtOrBLW 
043 |a a-ja--- 
049 |a TXAM 
050 0 0 |a LB45  |b .T64 1990 
082 0 0 |a 370/.952  |2 20 
090 |a LB45  |b .T64 1991 
245 0 0 |a Transcending stereotypes :  |b discovering Japanese culture and education /  |c edited by Barbara Finkelstein, Anne E. Imamura, Joseph J. Tobin. 
264 1 |a Yarmouth, Me. :  |b Intercultural Press,  |c [1991] 
264 4 |c ©1991 
300 |a ix, 221 pages ;  |c 23 cm. 
336 |a text  |b txt  |2 rdacontent 
337 |a unmediated  |b n  |2 rdamedia 
338 |a volume  |b nc  |2 rdacarrier 
500 |a "A publication of the International Center for the Study of Education Policy and Human Values." 
504 |a Includes bibliographical references. 
505 2 |a Japanese culture -- Family and society -- Education and cultural transmission -- Education policy and the dilemmas of reform -- Intergroup tensions in Japanese school and society. 
650 0 |a Educational anthropology  |z Japan. 
650 0 |a National characteristics, Japanese. 
650 0 |a Education  |z Japan  |x Philosophy. 
650 0 |a Education and state  |z Japan. 
651 0 |a Japan  |x Civilization  |y 20th century. 
700 1 |a Finkelstein, Barbara,  |d 1937- 
700 1 |a Imamura, Anne E.,  |d 1946- 
700 1 |a Tobin, Joseph Jay. 
710 2 |a International Center for the Study of Education Policy and Human Values (College Park, Md.) 
948 |a c:jal 
999 |a MARS 
999 f f |s d7da1d00-77b7-3c27-a2e5-0abc4d43466f  |i e5bb5c39-cfe2-327a-acb6-b0ea3bb61d46  |t 0 
952 f f |p normal  |a Texas A&M University  |b College Station  |c Sterling C. Evans Library  |d Evans: Library Stacks  |t 0  |e LB45 .T64 1991  |h Library of Congress classification  |i unmediated -- volume  |m A14822525879 
998 f f |a LB45 .T64 1991  |t 0  |l Evans: Library Stacks